Géologie de Paris. (Record no. 28840)

MARC details
000 -LEADER
fixed length control field 00876cam a22002531 4500
001 - CONTROL NUMBER
control field gs 54000094
003 - CONTROL NUMBER IDENTIFIER
control field DLC
005 - DATE AND TIME OF LATEST TRANSACTION
control field 20260227111401.0
008 - FIXED-LENGTH DATA ELEMENTS--GENERAL INFORMATION
fixed length control field 840806s1953 fr abf b 000 0 fre c
010 ## - LIBRARY OF CONGRESS CONTROL NUMBER
LC control number gs 54000094
035 ## - SYSTEM CONTROL NUMBER
System control number (OCoLC)11024625
040 ## - CATALOGING SOURCE
Original cataloging agency U. S. Geol. Survey Libr.
Transcribing agency NmU
Modifying agency DLC
042 ## - AUTHENTICATION CODE
Authentication code premarc
050 00 - LIBRARY OF CONGRESS CALL NUMBER
Classification number QE268.A35
Item number S7
100 1# - MAIN ENTRY--PERSONAL NAME
Personal name Soyer, Robert.
245 10 - TITLE STATEMENT
Title Géologie de Paris.
260 ## - PUBLICATION, DISTRIBUTION, ETC.
Place of publication, distribution, etc. Paris,
Name of publisher, distributor, etc. Impr. nationale,
Date of publication, distribution, etc. 1953.
300 ## - PHYSICAL DESCRIPTION
Extent 610 p.
Other physical details illus., 6 plates, maps (5 fold. col. in pocket) 4 fold. diagrs., tables.
Dimensions 32 cm.
440 #0 - SERIES STATEMENT/ADDED ENTRY--TITLE
Title Mémoires pour servir à l'explication de la carte géologique détaillée de la France
500 ## - GENERAL NOTE
General note At head of title: Ministère de l'industrie et de l'énergie.
504 ## - BIBLIOGRAPHY, ETC. NOTE
Bibliography, etc. note "Bibliographie": p. 561-582.
650 #0 - SUBJECT ADDED ENTRY--TOPICAL TERM
Topical term or geographic name entry element Geology
Geographic subdivision France
-- Paris.
650 #0 - SUBJECT ADDED ENTRY--TOPICAL TERM
Topical term or geographic name entry element Paleontology
Geographic subdivision France
-- Paris.

No items available.

Powered by Koha